000 00616nam a2200181Ia 4500
003 GCL
008 140319s9999 xx 000 0 ara d
040 _aGCL /
_cGCL
082 0 4 _a005.3
_bم ث
100 1 _aميردوك، كيلى
245 1 0 _aثرى دى ستديو ماكس 5 /
_cميردوك، كيلى
260 _aالقاهرة :
_bدار الفاروق للنشر والتوزيع ،
_c2004
300 _a1336 ص ؛
_c24 سم
650 0 4 _aنظم المعلومات
650 0 4 _aالحاسبات الالكترونية - برامج
650 0 4 _aثرى دى ستوديو ماكس 5
942 _2ddc
_cBK
999 _c7189
_d7189